| 000 | 01096nam0a22003851 4500 | ||
|---|---|---|---|
| 001 | RU\NLR\A1SV\33512 | ||
| 005 | 20251203171251.9 | ||
| 035 | _a(NLR Aleph) 009716924 | ||
| 090 |
_a9858763 _c9858763 |
||
| 100 | _a20000605d1925 u y0rusy50 ca | ||
| 101 | 1 |
_arus _cger |
|
| 102 | _aRU | ||
| 200 | 1 |
_aТкачи _eДрама _fГ.Гауптман _gПер. с нем. Л.Я.Гуревич |
|
| 210 |
_aМ. _cТруд и кн. _d1925 |
||
| 215 |
_a132 с. _d20 см |
||
| 451 | 0 | _1001RU\NLR\A1SV\33514 | |
| 620 | _dМосква | ||
| 700 | 1 |
_aГауптман _bГ. _f1862-1946 _gГерхарт _3RU\NLR\auth\7751671 _4070 |
|
| 702 | 1 |
_aГуревич _bЛ. Я. _f1866-1940 _gЛюбовь Яковлевна _4070 |
|
| 801 | 0 |
_aRU _bNLR _c20000605 |
|
| 852 |
_aNLR _j18/603 |
||
| 899 | _aБАН | ||
| 899 | _aГПИБ | ||
| 899 | _aНБ РКоми | ||
| 899 | _aНБЛ КГУ | ||
| 899 | _aНБУВ | ||
| 899 | _aПсковОУНБ | ||
| 899 | _aРГБ | ||
| 899 | _aРКП | ||
| 899 | _aСПбГУ | ||
| 899 | _aНБ ТГУ | ||
| 942 | _cBOOK | ||
| 980 | _aNB | ||
| 980 | _aA1SV | ||